000 01004pam a2200337 a 4500
001 4673
003 FISKH
005 20240920080039.0
008 940909s1995 nyua j 000 1 eng
010 _a 94037431
020 _a0590255193
020 _a9780590255196
040 _aDLC
_cDLC
_dDLC
_beng
050 _aPZ7.W64816
082 _a479
100 1 _aWilhelm, Hans,
_d1945-
245 1 0 _aI hate my bow! /
_cby Hans Wilhelm.
260 _aNew York :
_bScholastic,
_c1995.
300 _a30 unnumbered pages :
_bcolor illustrations ;
_c23 cm
440 0 _aHello reader!
_nLevel l
500 _a"Cartwheel Books"
505 _aE
520 _aA little dog laments the fact that the other dogs won't play with him as long as he has a bath, a bow, and a chain.
521 8 _a180
_bLexile
521 8 _aE
_bRaz-Plus
650 1 _aDogs
_xFiction.
650 1 _aPlay
_xFiction.
906 _a7
_bcbu
_corignew
_d1
_eocip
_f19
_gy-gencatlg
942 _2ddc
_cBK
_n0
999 _c4673
_d4673